| 000 | 00499cam a2200193ua 4500 | ||
|---|---|---|---|
| 001 | 2243 | ||
| 008 | 160227n II |||gr||||Z||||||asm | ||
| 040 | _aMAIN | ||
| 041 | _aEnglish | ||
| 082 | _a540 BAR | ||
| 100 | _aBARUAH, SUDARSHAN. | ||
| 245 | _aADHUNIK RASAYAN --(Part-1) (For HS 1st Year) | ||
| 250 | _arep. | ||
| 260 |
_aNEW DELHI: _bKALYANI PUBLISHERS., _c2000. |
||
| 300 |
_a641: _c24CM. |
||
| 653 | _aChemistry & allied sciences | ||
| 700 |
_aBARUAH, SUDARSHAN., _eAuthor. |
||
| 942 | _cBK | ||
| 999 |
_c2237 _d2237 |
||